Formát týždenník
Uložené v:
| Médium: | Seriál |
|---|---|
| Jazyk: | Slovak |
| Vydavateľské údaje: |
Bratislava
Ecopress
2003
|
| Predmet: | |
| Tagy: |
Žiadne tagy, Buďte prvý, kto otaguje tento záznam!
|
MARC
| LEADER | 00000nas2a2200000 4500 | ||
|---|---|---|---|
| 001 | 0052541 | ||
| 005 | 20230317103710.3 | ||
| 022 | |a 1336-1325 | ||
| 041 | 0 | |a slo | |
| 044 | |a SK | ||
| 245 | 1 | 0 | |a Formát |b týždenník |
| 264 | 1 | |a Bratislava |b Ecopress |c 2003 | |
| 773 | 0 | |w eu_un_cat*s124397 | |
| 610 | 2 | 0 | |a politika |
| 610 | 2 | 0 | |a spoločnosť |
| 610 | 2 | 0 | |a situácia hospodárska |